000 00277nam a2200121Ia 4500
008 221030s9999 xx 000 0 und d
041 _aEnglish
100 _aJ. M. Duff
245 0 _aDesigning Interactive Web Sites
_cby J. M. Duff
260 _c0
650 _aB
942 _cBK
999 _c14598
_d14598